Las garantías constitucionales del contribuyente en la Constitución Política de 1980

Uloženo v:
Podrobná bibliografie
Hlavní autor: Figueroa Valdés, Juan Eduardo (Autor)
Médium: Kniha
Jazyk:španělština
Vydáno: Santiago Jurídica de Chile 1985
Témata:
Tagy: Přidat tag
Žádné tagy, Buďte první, kdo vytvoří štítek k tomuto záznamu!

MARC

LEADER 00000nam a2200000 a 4500
001 UCT9759
003 CL-VaPUC
008 970411e19851000CL |||||||||||||||||spa|d
082 0 4 |a 342.83  |b FIG  |2 21 
100 0 |a Figueroa Valdés, Juan Eduardo  |e author  |9 382736 
245 1 4 |a Las garantías constitucionales del contribuyente en la Constitución Política de 1980 
300 |a 324 p 
942 |c BK 
945 |d 19970411 00:00:00  |a paguirre 
260 |a Santiago  |b Jurídica de Chile  |c 1985 
600 0 7 |a CONSTITUCION POLITICA DE 1980  |2 CL-VaPUC  |9 255131 
650 7 |a GARANTIAS CONSTITUCIONALES  |2 CL-VaPUC  |9 382737 
650 0 |a Igualdad ante la ley  |9 382454 
651 7 |a CHILE  |2 CL-VaPUC  |9 382738 
583 |a last modification  |c 19970411 00:00:00  |k Rodrigo Vera 
999 |c 258138  |d 258136 
952 |0 0  |1 0  |4 0  |6 342_830000000000000_FIG_1985  |7 0  |8 A  |9 281973  |a BIBDER  |b BIBDER  |d 2019-11-19  |i 1829734  |o 342.83 FIG 1985  |p 1829734  |r 2023-01-25  |w 2019-11-19  |y BK  |k DER